Geometría y Trigonometría
Guardat en:
| Autor principal: | |
|---|---|
| Format: | Llibre |
| Idioma: | espanyol |
| Publicat: |
Cuernavaca
Grupo Editorial Patria
2008
|
| Edició: | 2a. ed |
| Matèries: | |
| Etiquetes: |
Afegir etiqueta
Sense etiquetes, Sigues el primer a etiquetar aquest registre!
|
MARC
| LEADER | 00000cam a2200000 a 4500 | ||
|---|---|---|---|
| 001 | UCG9608 | ||
| 003 | CL-VaPUC | ||
| 008 | 120323e20080000MX |||||||||||||||||spa|d | ||
| 020 | |a 9789708170024 | ||
| 082 | 0 | 4 | |a 516.22 |b BAL |2 21 |
| 100 | 0 | |a Baldor, Aurelio |e author |9 561237 | |
| 245 | 1 | 0 | |a Geometría y Trigonometría |
| 250 | |a 2a. ed | ||
| 300 | |a 423 p | ||
| 942 | |c BK | ||
| 945 | |d 20120323 00:00:00 |a dcastane | ||
| 260 | |a Cuernavaca |b Grupo Editorial Patria |c 2008 | ||
| 500 | |a Incluye CD con material complementario | ||
| 650 | 0 | |a Geometría analítica |9 260062 | |
| 650 | 0 | |a Trigonometría |9 259568 | |
| 650 | 0 | |a Geometría |9 264063 | |
| 650 | 0 | |a Matemáticas |x Enseñanza |9 875527 | |
| 583 | |a last modification |c 20120330 11:43:36 |k Rodrigo Vera | ||
| 999 | |c 347154 |d 347152 | ||